| 000 | 00349nmm a2200145 a 4500 | ||
|---|---|---|---|
| 003 | AR-BaBNM | ||
| 005 | 20251128202920.0 | ||
| 008 | 184019s1899 ||||||||||||||000 | spa|| | ||
| 040 | _cAR-BaBNM | ||
| 245 | 1 | 0 | _aDictionnaire des antiquités |
| 260 |
_a[S.l.] _bHachette _c1899 |
||
| 700 | 1 |
_aDaremberg, C. _edirector |
|
| 942 | _cBK | ||
| 998 | _cJacobzon | ||
| 999 |
_c1168 _d1168 |
||